000 01557nam a2200397 i 4500
001 13860
003 KOSZ 005
005 20200820084539.0
008 071203s1971 pl a f 001 0 pol
015 _aPB 1971/4444
040 _aWA N
_cWA N
_dKOSZ 005/KK
041 1 _apol
_heng
046 _k1971
080 _a681.3.06
100 1 _aFisher, F. Peter.
_eAutor
245 1 0 _aSystemy programowania maszyny cyfrowej /
_cF. Peter Fisher, George F. Swindle ; tłumaczenie Jowita Koncewicz, Janina Rowińska.
246 1 _iTytuł oryginału:
_aComputer programming systems.
260 _aWarszawa :
_bWydawnictwa Naukowo-Techniczne,
_c1971.
300 _a668, [4] stron :
_bilustracje ;
_c25 cm.
336 _aTekst
_2rdacontent
_btxt
337 _aBez urządzenia pośredniczącego
_bn
_2rdamedia
338 _aWolumin
_bnc
_2rdacarrier
380 _aKsiążki.
388 _a1901-2000
490 1 _aPrzetwarzanie Informacji i Maszyny Matematyczne.
504 _aBibliografia na stronach [661]-662. Indeks.
658 _aInformatyka i technologie informacyjne
650 4 _aProgramowanie (informatyka)
700 1 _aSwindle, George F.
_eAutor
700 1 _aKoncewicz, Jowita.
_eTłumaczenie
700 1 _aBloch-Rowińska, Janina.
_eTłumaczenie
710 2 _aWydawnictwa Naukowo-Techniczne
_4pbl.
856 _uhttp://koha.tu.koszalin.pl/cgi-bin/koha/opac-detail.pl?biblionumber=13860
_yKatalog online BPK
830 0 _aPrzetwarzanie Informacji i Maszyny Matematyczne
942 _2UKD
_cKS
999 _c13860
_d13860